01467nam a2200301uu 4500001000800000005001700008007001000025008004100035035001200076040001300088041000800101082000800109100004300117245013400160260004900294300001300343520052000356650001700876650001900893650002100912700004100933700004000974700004101014700004601055700004401101502001201145526000801157158008120260508094811.0co|||||||230127s2015 spa  a1580081 ccomduadb aspa 4a65810aRamírez G., John Alexander4auteaut10aOptimización de volúmenes de carga en camiones para pedidos en una empresa multicanal (retail y venta directa) - Leonisa S.A. aEl Carmen de Viboral :bAutores (as),c2015. a1 CD-ROM3 aRESUMEN : Este estudio propone una metofdología para optimizar el volumen de carga en camiones para pedidos en una empresa multicanal (retail y venta directa) Colombiana, con dimensiones definidas a los destinos finales de las ciudades de Santa Marta y Sincelejo compartiendo la carga entre los canales de venta directa y retail. A través del algoritmo matemático de búsqueda Greddy, y el uso del software Cube iq 5.0.1.58 se impactó prositivamente el costo de distribución de la carga de ambos canales. aContenedores aOptimización 7aAlgoritmos2lemb10aSalazar A., Diego Fernando4auteaut10aGonzález H., Juan David4auteaut10aPérez M., Diego Fernando4auteaut10aÁlvarez Uribe, Karla Cristina4thseths10aVillada Oquendo, Juan Gabriel4thseths b193c17 a195